| 000 | 00361nam a22001337a 4500 | ||
|---|---|---|---|
| 008 | 160504b xxu||||| |||| 00| 0 eng d | ||
| 020 | _a9780495553090 | ||
| 020 | _a9780495553090 | ||
| 020 | _a0495553093 | ||
| 041 | _aeng | ||
| 080 | _a612.39 | ||
| 245 |
_aNutrition concepts and controversies: _cMary Ellen Clark; Judy Kaufman; Gail Hammond; |
||
| 942 |
_2udc _cBK |
||
| 999 |
_c1776 _d1776 |
||